Cultus SS. Cordis Iesu et purissimi cordis B. V. Mariae / scripsit Hermannus Ios Nix S.J.

Spremljeno u:
Bibliografski detalji
Glavni autor: Nix, Hermannus Ios (autor)
Format: Knjiga
Izdanje:3a edición
Teme:
Oznake: Dodaj oznaku
Bez oznaka, Budi prvi tko označuje ovaj zapis!

MARC

LEADER 00000nam^a2200000^u^4500
001 000545046
005 20250521000000.0
008 060220s1000^^^^^^^^^^^^r^^^^^000^0^spa^d
009 20260310131341.335
035 |a FMI 000014399 
037 |a Acervo Xavier Clavigero 
096 |a 5.1.1/12/B 
100 |a Nix, Hermannus Ios  |e (autor) 
245 1 0 |a Cultus SS. Cordis Iesu et purissimi cordis B. V. Mariae / scripsit Hermannus Ios Nix S.J. 
250 |a 3a edición 
264 |a Vindobonae : Herder, 1905 
300 |a 235 p. 
336 |a texto  |b txt  |2 rdacontenido 
337 |a sin mediación  |b n  |2 rdamedio 
338 |a volumen  |b nc  |2 rdasoporte 
649 |a XX 
650 |a Sagrado Corazón 
910 |a Fondo Francisco Migoya Covarrubias S.J. 
920 |a Impresos - Libros 
930 |a Fondos Especiales 
905 |a 134 
901 |a SBC13164  |b IT2  |c ESP  |u 20250521 
902 |a https://opac.biblio.iteso.mx/vufind/Record/000545046